000 00895cam a22002897a 4500
001 14675031
003 OSt
005 20140310182849.0
008 061219s2004 ph a 000 0 eng
010 _a 2006343317
020 _a9718280324
040 _aDLC
_cDLC
_dDLC
042 _alcode
050 0 0 _aPS 9993
_b.T655 2004
082 _aFIL 824
_bT59 2004
100 1 _aTomas, Bud.
245 1 0 _aWala lang
_bfiles (funny & serious) on youthful being and nothingness
_cTomas, Bud
260 _aNew Manila, QC.
_bMilflores Publishing Inc.
_cc2004
300 _aviii, 146 p.
_bill.
_c23 cm.
521 _aCollege Students
526 _c1210L to 1700L
541 _j1
562 _efor circulation. 1 copy available in the collection
906 _a7
_bcbc
_corigode
_d4
_encip
_f20
_gy-gencatlg
942 _2lcc
_cBK
_kFIL
999 _c16968
_d16968